Normal view
MARC view
- BOTTO, FRANCIS
Entry Personal Name
001 - CONTROL NUMBER
- control field: 67701
003 - CONTROL NUMBER IDENTIFIER
- control field: NUST
005 - DATE AND TIME OF LATEST TRANSACTION
- control field: 20210628203901.0
008 - FIXED-LENGTH DATA ELEMENTS
- fixed length control field: 210628|| aca||aabn | a|a d
040 ## - CATALOGING SOURCE
- Original cataloging agency: NUST
- Transcribing agency: NUST
100 ## - HEADING--PERSONAL NAME
- Personal name: BOTTO, FRANCIS
670 ## - SOURCE DATA FOUND
- Source citation: Work cat.: (NUST): BOTTO, FRANCIS, PC MULTIMEDIA , AN INTRODUCTION TO AUTHORING APPLICATIONS, 1995
